Matematika. 2. diel

Bibliographic Details
Main Author: Krajňáková, Dorota, 1924-2012 (Author)
Format: Book
Language:Slovak
Published: Bratislava Slovenská vysoká škola technická 1987
Edition:2. vyd.

MARC

LEADER 00000nam a2200000 a 4500
001 vtls001124483
003 SK-MaSNL
005 20260301092726.0
008 250414s1987 xo 0 slo
015 |a SNBA1988/06 
035 |a SNK000067326 
040 |a SNK  |b slo  |c SNK  |e AACR2 
041 0 |a slo 
044 |a xo  |c SK 
080 |a 51(075.8)  |2 1981 
100 1 |a Krajňáková, Dorota,  |d 1924-2012  |4 aut  |9 208921 
245 1 0 |a Matematika. 2. diel  |c Dorota Krajňáková 
250 |a 2. vyd. 
260 |a Bratislava  |b Slovenská vysoká škola technická  |c 1987  |e Bratislava  |f Edičné stredisko SVŠT 
300 |a 307 s., 11,653 AH  |b Tb. Sch.  |c 29 cm 
366 |e 600 výtl. 
500 |a Lit. 9. Schválil rektor SVŠT v Bratislave ako skriptá. Rozmn. 9 zázn. v slov., češ. a ruš. 
852 |a Slovenská národná knižnica 
954 |a matematika 
958 |a OND 
958 |a NB 
958 |a RM 
958 |a UV 
999 |c 674921  |d 676851 
952 |a SNK  |b SNK  |y PREZ  |7 0  |p 17A0845971  |o snkSB 43255/2   |0 0  |1 0  |4 0  |d 2012-07-11  |f 1  |l 0  |r 2025-05-09 00:00:00  |w 2026-02-23 
952 |t P60, <04>, [BOOK], {604}  |a SNK  |b SNK  |y VYP  |7 0  |p 17A0202912  |o snkSB 43255/2 D1  |0 0  |1 0  |4 0  |d 1999-07-15  |l 0  |r 2004-12-31 00:00:00  |w 2026-02-23